[Event "Russian Championship G15 2016"]
[Site "Loo"]
[Date "2016.04.26"]
[Round "7.17"]
[White "Badzgaradze, Elena"]
[Black "Krikunova, Olesya"]
[Result "1-0"]
[WhiteElo "1692"]
[BlackElo "1756"]
[PlyCount "103"]
[EventDate "2016.04.20"]

1. d4 d6 2. Nf3 Nf6 3. c4 g6 4. g3 Bg7 5. Bg2 O-O 6. O-O Nbd7 7. Nc3 e5 8. e4
Re8 9. h3 exd4 10. Nxd4 Nc5 11. Re1 a6 12. Bf4 Ne6 13. Be3 Nxd4 14. Bxd4 Be6
15. Qd3 Qd7 16. Kh2 Rad8 17. Rad1 Qc8 18. b3 h5 19. f4 Bd7 20. Nd5 Nxd5 21.
cxd5 Bxd4 22. Qxd4 c6 23. Qf6 cxd5 24. Rxd5 Re6 25. Qg5 Bc6 26. Rdd1 Qc7 27. f5
Qe7 28. Qf4 gxf5 29. Qxf5 Re5 30. Qf4 Qg5 31. Qf2 Qg6 32. Rd4 Rde8 33. Qd2 d5
34. Re3 dxe4 35. Rd6 R5e6 36. Rxe6 Qxe6 37. Qd1 Qg6 38. Qd4 Qf5 39. Qd2 Qe5 40.
a4 Kg7 41. Qd1 Kh7 42. Qe2 Rg8 43. Qd1 h4 44. Qe1 hxg3+ 45. Rxg3 Qf4 46. a5 f5
47. b4 Qe5 48. Bh1 Bb5 49. Bg2 Kh6 50. Qd2+ Kh5 51. Qe3 Bc6 52. Bf3+ 1-0

[Event "Russian Championship G15 2016"]
[Site "Loo"]
[Date "2016.04.26"]
[Round "7.18"]
[White "Shengeliya, Anastasiya"]
[Black "Znamenskaya, Darya"]
[Result "1-0"]
[WhiteElo "1752"]
[BlackElo "1589"]
[PlyCount "81"]
[EventDate "2016.04.20"]

1. e4 c6 2. d4 d5 3. e5 c5 4. dxc5 Nc6 5. Nf3 e6 6. Be3 Nge7 7. c3 Nf5 8. Bd4
a5 9. Bb5 Bd7 10. Nbd2 Nfxd4 11. cxd4 b6 12. Bxc6 Bxc6 13. cxb6 Qxb6 14. Qb3
Rb8 15. O-O a4 16. Qxb6 Rxb6 17. b3 Be7 18. bxa4 Bxa4 19. Rab1 Rc6 20. Rfc1 O-O
21. Rxc6 Bxc6 22. Rc1 Ba4 23. Rc7 Re8 24. Nb3 h6 25. h3 Bf8 26. Nc5 Bd1 27. Ra7
Be2 28. Nd2 Rc8 29. Ndb3 Bb5 30. a4 Bc6 31. a5 Bxc5 32. Nxc5 Ra8 33. Rxa8+ Bxa8
34. a6 Bc6 35. a7 Kf8 36. Nd7+ Ke7 37. Nb6 Kd8 38. a8=Q+ Bxa8 39. Nxa8 Kc8 40.
Nb6+ Kd8 41. f4 1-0

[Event "Russian Championship G15 2016"]
[Site "Loo"]
[Date "2016.04.26"]
[Round "7.19"]
[White "Bogdanova, Natalya"]
[Black "Filippova, Margarita"]
[Result "0-1"]
[WhiteElo "1806"]
[BlackElo "1710"]
[PlyCount "148"]
[EventDate "2016.04.20"]

1. d4 Nf6 2. c4 e6 3. Nc3 Bb4 4. Qc2 O-O 5. a3 Bxc3+ 6. Qxc3 d6 7. Bg5 Nbd7 8.
e3 b6 9. f3 e5 10. Bd3 Qe8 11. Ne2 Bb7 12. Bxf6 Nxf6 13. dxe5 dxe5 14. e4 Qe7
15. b4 Rfd8 16. O-O Nh5 17. f4 Nxf4 18. Nxf4 exf4 19. Rxf4 Qd6 20. Rf3 Qd4+ 21.
Qxd4 Rxd4 22. Bc2 Rad8 23. Re1 R8d7 24. Rc3 c5 25. Kf2 g6 26. Kg3 Ba6 27. b5
Bb7 28. a4 Re7 29. Kf3 Kg7 30. g4 f5 31. gxf5 gxf5 32. Kf4 fxe4 33. Rg1+ Kf6
34. Ke3 Red7 35. Rg2 Ke6 36. Rg4 Kf5 37. Rf4+ Ke5 38. Rf2 R7d6 39. Rf7 Rf6 40.
Rxf6 Kxf6 41. Bb1 Rd1 42. Bc2 Rf1 43. Ke2 Rf3 44. Rxf3+ exf3+ 45. Kf2 h6 46.
Bd1 Ke5 47. Ke3 Ba8 48. Bc2 Kf6 49. Bd1 Ke5 50. Bc2 Bb7 51. Bd1 Be4 52. h3 f2
53. Be2 Bg2 54. Kxf2 Bxh3 55. Ke3 Bf5 56. Bd1 Bb1 57. Bh5 Bc2 58. Be2 Be4 59.
Bd1 Kf5 60. Bg4+ Kxg4 61. Kxe4 h5 62. Kd5 h4 63. Kc6 h3 64. Kb7 h2 65. Kxa7
h1=Q 66. Kxb6 Qa8 67. Kxc5 Qxa4 68. b6 Qa6 69. Kc6 Qxc4+ 70. Kb7 Kf5 71. Kb8
Ke6 72. Ka7 Kd7 73. Kb8 Qc8+ 74. Ka7 Kc6 0-1

[Event "Russian Championship G15 2016"]
[Site "Loo"]
[Date "2016.04.26"]
[Round "7.20"]
[White "Trofimova, Angelina"]
[Black "Yakushina, Ekaterina"]
[Result "0-1"]
[WhiteElo "1635"]
[BlackElo "1637"]
[PlyCount "91"]
[EventDate "2016.04.20"]

1. e4 e6 2. d4 d5 3. e5 c5 4. c3 Qb6 5. Nf3 Bd7 6. Be2 Bb5 7. O-O Bxe2 8. Qxe2
Qa6 9. Qxa6 Nxa6 10. Bd2 c4 11. b4 Nc7 12. a4 a5 13. b5 b6 14. Bc1 f6 15. Ba3
Bxa3 16. Nxa3 Ne7 17. Nc2 O-O-O 18. Rfe1 Ng6 19. g3 Rhf8 20. Kg2 Rd7 21. h4
Rdf7 22. Re2 h6 23. h5 fxe5 24. Nxe5 Nxe5 25. dxe5 Rf3 26. Ne3 Kd7 27. Rh1 R8f7
28. Rh4 Kc8 29. Rg4 Kb7 30. Rxg7 Rxe3 31. Rxf7 Rxe2 32. Rh7 d4 33. Rd7 dxc3 34.
Rd1 Rxe5 35. g4 Nd5 36. Kg3 c2 37. Rc1 Nb4 38. Kf3 Rd5 39. Ke2 c3 40. f3 Kc7
41. f4 Rd2+ 42. Ke1 Nd3+ 43. Kf1 Nxc1 44. f5 exf5 45. gxf5 Nd3 46. f6 0-1

[Event "Russian Championship G15 2016"]
[Site "Loo"]
[Date "2016.04.26"]
[Round "7.21"]
[White "Eliseeva, Maia"]
[Black "Mavrova, Kseniya"]
[Result "0-1"]
[WhiteElo "1729"]
[BlackElo "1727"]
[PlyCount "118"]
[EventDate "2016.04.20"]

1. e4 e6 2. d4 d5 3. Nd2 Nf6 4. Bd3 c5 5. c3 Nc6 6. Ngf3 Be7 7. O-O O-O 8. e5
Nd7 9. Bb1 cxd4 10. cxd4 f5 11. exf6 Nxf6 12. Re1 Qd6 13. Nb3 b6 14. a3 a5 15.
Bg5 Bd7 16. Ne5 Be8 17. Qe2 Nd8 18. Nd2 Nd7 19. Qd3 g6 20. Bh6 Rf6 21. Ndf3 Nf7
22. Bd2 Nd8 23. Ng4 Rf8 24. Bh6 Rf7 25. Qe3 Bf8 26. Bg5 Bg7 27. Bxd8 Rxd8 28.
Qxe6 Qxe6 29. Rxe6 Rf4 30. Ne3 Bf7 31. Nxd5 Rxf3 32. gxf3 Bxe6 33. Ne7+ Kf7 34.
Nc6 Rc8 35. Be4 Nf6 36. Ne5+ Ke7 37. b4 Nxe4 38. fxe4 Bxe5 39. dxe5 axb4 40.
axb4 Rc4 41. Re1 Rxb4 42. Kg2 g5 43. f3 Rb2+ 44. Kg3 h5 45. h4 g4 46. fxg4 Bxg4
47. Kf4 Ke6 48. Rc1 Rf2+ 49. Ke3 Re2+ 50. Kd4 Kd7 51. Rb1 Kc6 52. Rc1+ Kb7 53.
e6 Bxe6 54. Ke5 Bg4 55. Kd5 Bf3 56. Rc4 b5 57. Rb4 Kb6 58. Ke5 Kc5 59. Rd4 b4
0-1

[Event "Russian Championship G15 2016"]
[Site "Loo"]
[Date "2016.04.26"]
[Round "7.22"]
[White "Strukova, Ksenia"]
[Black "Grubova, Sofia"]
[Result "1-0"]
[WhiteElo "1822"]
[BlackElo "1630"]
[PlyCount "89"]
[EventDate "2016.04.20"]

1. e4 c5 2. Nf3 Nc6 3. Bb5 Nf6 4. Bxc6 bxc6 5. Nc3 d5 6. d3 e6 7. O-O Be7 8. h3
O-O 9. Bf4 Qb6 10. Rb1 Rd8 11. Qe2 Ba6 12. Rfd1 c4 13. e5 Nd7 14. d4 c5 15. Be3
Qc6 16. dxc5 Bxc5 17. Bxc5 Nxc5 18. Nd4 Qc7 19. Qg4 Re8 20. Re1 Nd7 21. Qg3 Qc5
22. Nf3 Rab8 23. Nh2 d4 24. Ne4 Qd5 25. Ng4 Kh8 26. Ng5 Kg8 27. Nh6+ Kf8 28.
Nxh7+ Ke7 29. Qg5+ f6 30. exf6+ Nxf6 31. Qxg7+ Kd6 32. Nxf6 Qc6 33. Nxe8+ Rxe8
34. Nf7+ Kc5 35. Qe5+ Qd5 36. Qxd5+ Kxd5 37. Re5+ Kc6 38. Rbe1 Bc8 39. Ng5 Kd6
40. Nf3 d3 41. cxd3 cxd3 42. R5e3 Ba6 43. Ng5 e5 44. Ne4+ Kd5 45. Nf6+ 1-0

[Event "Russian Championship G15 2016"]
[Site "Loo"]
[Date "2016.04.26"]
[Round "7.23"]
[White "Granovskaya, Ekaterina"]
[Black "Komleva, Ekaterina"]
[Result "1-0"]
[WhiteElo "1602"]
[BlackElo "1808"]
[PlyCount "71"]
[EventDate "2016.04.20"]

1. e4 c5 2. Nf3 d6 3. d4 cxd4 4. Nxd4 Nf6 5. f3 e5 6. Nb3 Be7 7. c4 a5 8. Be3
a4 9. Nc1 Qa5+ 10. Nc3 Be6 11. Be2 O-O 12. O-O Nc6 13. Nd5 Bxd5 14. cxd5 Nb8
15. Nd3 Nbd7 16. Rc1 Rfc8 17. Qe1 Rxc1 18. Qxc1 b6 19. Qc4 Nc5 20. Nb4 Qa7 21.
Nc6 Qb7 22. Rc1 Kf8 23. Qb4 Nfd7 24. Bb5 f6 25. Nxe7 Kxe7 26. Bc6 Qa6 27. Bxa8
Qxa8 28. Qb5 Qa7 29. Rc3 h6 30. Ra3 Qb8 31. b4 axb3 32. axb3 Qc7 33. Qc6 Kd8
34. b4 Nb7 35. Ra8+ Nb8 36. Bxb6 1-0

[Event "Russian Championship G15 2016"]
[Site "Loo"]
[Date "2016.04.26"]
[Round "7.24"]
[White "Chemborisova, Elina"]
[Black "Reva, Liubov"]
[Result "1-0"]
[WhiteElo "1738"]
[BlackElo "1594"]
[PlyCount "59"]
[EventDate "2016.04.20"]

1. e4 c5 2. Nf3 Nc6 3. Bb5 g6 4. c3 Bg7 5. d4 cxd4 6. cxd4 a6 7. Be2 d5 8. e5
Bg4 9. Nc3 Bxf3 10. Bxf3 e6 11. O-O Qb6 12. Be3 Nge7 13. Na4 Qc7 14. Rc1 O-O
15. Qd2 Nf5 16. Bg4 Nxe3 17. Qxe3 Bxe5 18. dxe5 Qxe5 19. Qxe5 Nxe5 20. Be2 Rac8
21. Nb6 Rc6 22. Rxc6 Nxc6 23. Rc1 Rd8 24. Bxa6 Nd4 25. Bf1 Nc6 26. f4 Kg7 27.
Kf2 Rd6 28. Na4 f6 29. Nc5 Nd8 30. Nxb7 1-0

[Event "Russian Championship G15 2016"]
[Site "Loo"]
[Date "2016.04.26"]
[Round "7.25"]
[White "Litvinova, Kseniya"]
[Black "Beshukova, Alina"]
[Result "1-0"]
[WhiteElo "1616"]
[BlackElo "1716"]
[PlyCount "99"]
[EventDate "2016.04.20"]

1. e4 c5 2. c3 Nf6 3. e5 Nd5 4. g3 e6 5. Bg2 d6 6. Nf3 Nc6 7. exd6 Bxd6 8. O-O
O-O 9. d3 Qc7 10. Na3 a6 11. Nc4 Be7 12. Re1 Bf6 13. Qc2 b5 14. Ne3 Bb7 15.
Nxd5 exd5 16. Be3 Qb6 17. Bg5 Bxg5 18. Nxg5 d4 19. c4 Nb4 20. Qb3 Bxg2 21. Kxg2
bxc4 22. Qxc4 Qb5 23. Red1 Qxc4 24. dxc4 Rfe8 25. Rd2 Rad8 26. Nh3 Rd7 27. Nf4
Rde7 28. Kf1 Re4 29. a3 Nc6 30. Nd3 Na5 31. Nxc5 R4e5 32. b4 Rxc5 33. bxc5 Nb3
34. Rad1 Nxd2+ 35. Rxd2 Rd8 36. Ke2 g6 37. Kd3 f5 38. Rb2 Rd7 39. Rb6 a5 40.
Ra6 Kf7 41. Rxa5 Ke6 42. f4 Rd8 43. Ra6+ Kf7 44. a4 Rd7 45. a5 Rd8 46. Rd6 Ra8
47. a6 Ra7 48. Kxd4 Rc7 49. Rb6 Ke7 50. Rb7 1-0

[Event "Russian Championship G15 2016"]
[Site "Loo"]
[Date "2016.04.26"]
[Round "7.26"]
[White "Bogdanova, Darya"]
[Black "Krivonos, Kristina"]
[Result "1/2-1/2"]
[WhiteElo "1695"]
[BlackElo "1367"]
[PlyCount "80"]
[EventDate "2016.04.20"]

1. d4 d5 2. c4 dxc4 3. e3 e5 4. Bxc4 exd4 5. exd4 Nf6 6. Nf3 Bd6 7. O-O O-O 8.
Nc3 h6 9. b3 a6 10. Bb2 Nc6 11. h3 Bf5 12. d5 Ne5 13. Nxe5 Bxe5 14. Qf3 Be4 15.
Nxe4 Bxb2 16. Rad1 Nxe4 17. Qxe4 Qd6 18. Rfe1 Bf6 19. Bd3 g6 20. h4 Kg7 21. h5
Bg5 22. hxg6 fxg6 23. Qd4+ Qf6 24. Re7+ Rf7 25. Rxf7+ Kxf7 26. Qc4 Qd6 27. Re1
Re8 28. Re6 Rxe6 29. dxe6+ Qxe6 30. Qxc7+ Qe7 31. Qc4+ Kg7 32. Qe4 Qxe4 33.
Bxe4 b6 34. Kf1 a5 35. Ke2 Be7 36. Kd3 Bc5 37. f3 Kf6 38. Kc4 g5 39. Kd5 h5 40.
Bd3 h4 1/2-1/2

[Event "Russian Championship G17 1st league 2016"]
[Site "Loo"]
[Date "2016.04.26"]
[Round "7.1"]
[White "Fokina, Elina"]
[Black "Tukaeva, Adelya"]
[Result "0-1"]
[WhiteElo "1693"]
[BlackElo "1854"]
[PlyCount "66"]
[EventDate "2016.04.20"]

1. e4 c5 2. Nf3 d6 3. d4 cxd4 4. Nxd4 Nf6 5. Nc3 a6 6. Bc4 e6 7. Bb3 Nbd7 8.
Be3 Nc5 9. f3 b5 10. Qd2 Qc7 11. O-O-O Be7 12. g4 b4 13. Nce2 Rb8 14. Ng3 Nfd7
15. h4 Nxb3+ 16. axb3 Nc5 17. Kb1 a5 18. Nh5 g6 19. Ng7+ Kf8 20. Bh6 Kg8 21. h5
Bd7 22. Rdg1 a4 23. Ngf5 exf5 24. gxf5 Be8 25. fxg6 fxg6 26. Nf5 Bf7 27. Bg7
axb3 28. Bxh8 Ra8 29. Nxe7+ Qxe7 30. hxg6 Ra1+ 31. Kxa1 Qa7+ 32. Kb1 Qa2+ 33.
Kc1 Qa1# 0-1

[Event "Russian Championship G17 1st league 2016"]
[Site "Loo"]
[Date "2016.04.26"]
[Round "7.2"]
[White "Pivina, Mariya"]
[Black "Grekhneva, Yana"]
[Result "1-0"]
[WhiteElo "1857"]
[BlackElo "1809"]
[PlyCount "153"]
[EventDate "2016.04.20"]

1. e4 c5 2. Nf3 d6 3. d4 cxd4 4. Nxd4 Nf6 5. Nc3 a6 6. Be3 e5 7. Nb3 Be6 8. Nd5
Nbd7 9. f3 Rc8 10. Be2 Bxd5 11. exd5 Nb6 12. Bxb6 Qxb6 13. c4 g6 14. Qd2 h5 15.
Rd1 Bh6 16. Qa5 Qa7 17. Qb4 Ke7 18. c5 dxc5 19. d6+ Kf8 20. Qa5 Kg7 21. d7 Rcd8
22. Qxc5 Qb8 23. Qe7 Be3 24. Rd6 Ng8 25. Qxe5+ f6 26. Qe6 Bf4 27. Rd1 Qc7 28.
g3 Be5 29. Rd2 f5 30. f4 Bf6 31. h4 Rh7 32. O-O b5 33. Rc1 Qa7+ 34. Kf1 Kh6 35.
Rc8 Rhxd7 36. Rxd8 Rxd8 37. Rxd8 Bxd8 38. Qxg8 Bf6 39. Qf8+ Bg7 40. Qc5 Qb7 41.
Nd2 Bxb2 42. Nf3 Qe4 43. Ng5 Qb1+ 44. Kf2 Qxa2 45. Qf8+ Bg7 46. Qf7 Qd2 47. Ne6
Bd4+ 48. Nxd4 Qxd4+ 49. Kf1 Qg7 50. Qe6 Qa1+ 51. Kg2 Qb2 52. Qe7 Qd4 53. Qf8+
Qg7 54. Qd6 Qa7 55. Qc6 Qe3 56. Bf3 Qd2+ 57. Kf1 Qd3+ 58. Kf2 b4 59. Qb6 Qc2+
60. Be2 Qc3 61. Kf1 Qc1+ 62. Kg2 Qc3 63. Qxa6 b3 64. Qd3 Qxd3 65. Bxd3 Kg7 66.
Kf2 Kf6 67. Ke2 Ke7 68. Kd2 Kd6 69. Bc4 b2 70. Kc2 Ke7 71. Kxb2 Kf6 72. Kc3 Kg7
73. Kd4 Kf6 74. Bd5 Kg7 75. Ke5 Kh7 76. Kf6 Kh6 77. Bf7 1-0

[Event "Russian Championship G17 1st league 2016"]
[Site "Loo"]
[Date "2016.04.26"]
[Round "7.3"]
[White "Vorobyova, Valeriya"]
[Black "Kuznetsova, Darya"]
[Result "0-1"]
[WhiteElo "1784"]
[BlackElo "1989"]
[PlyCount "82"]
[EventDate "2016.04.20"]

1. e4 e6 2. d4 d5 3. Nc3 Bb4 4. a3 Bxc3+ 5. bxc3 dxe4 6. Qg4 Nf6 7. Qxg7 Rg8 8.
Qh6 Nbd7 9. Ne2 b6 10. Nf4 Bb7 11. Be2 Qe7 12. Be3 O-O-O 13. O-O e5 14. dxe5
Nxe5 15. Kh1 Kb8 16. a4 Nfg4 17. Qh5 Nxe3 18. fxe3 Qc5 19. a5 Qxc3 20. axb6
axb6 21. Ba6 Bxa6 22. Rxa6 Kb7 23. Raa1 Rge8 24. Qf5 Qc4 25. Nh5 Nc6 26. Nf6
Re5 27. Qxh7 Nb4 28. Ng4 Re7 29. Qh4 Qc5 30. c3 Nc6 31. Rfc1 f5 32. Nf2 Qxe3
33. Nd1 Qe2 34. h3 Rg7 35. Nf2 e3 36. Qa4 exf2 37. Rf1 Na5 38. Qh4 Rd2 39. Qf6
Rgd7 40. Qxf5 Rd1 41. Kh2 Qxf1 0-1

[Event "Russian Championship G17 1st league 2016"]
[Site "Loo"]
[Date "2016.04.26"]
[Round "7.4"]
[White "Hilova, Evelina"]
[Black "Khan, Anastasia"]
[Result "0-1"]
[WhiteElo "1770"]
[BlackElo "1878"]
[PlyCount "76"]
[EventDate "2016.04.20"]

1. e4 c5 2. Nf3 e6 3. c3 d5 4. exd5 exd5 5. d4 Be7 6. dxc5 Bxc5 7. Bb5+ Bd7 8.
Bxd7+ Qxd7 9. O-O Ne7 10. Nbd2 Nbc6 11. Nb3 Bb6 12. Bf4 O-O 13. a4 a5 14. Re1
Ng6 15. Be3 Bc7 16. Qd2 Nge5 17. Nxe5 Nxe5 18. Nc5 Qg4 19. Kh1 b6 20. Nb3 Rad8
21. Nd4 Qh5 22. h3 Nc4 23. Qe2 Qe5 24. Nf3 Qd6 25. Bd4 Qd7 26. b3 Nd6 27. Ne5
Qe8 28. Qg4 f5 29. Qh4 Ne4 30. Nd3 Qf7 31. Be5 Rde8 32. Qf4 g5 33. Qh2 Bxe5 34.
Nxe5 Qc7 35. Ng4 Qxc3 36. Nh6+ Kg7 37. Rec1 Qd4 38. Nxf5+ Rxf5 0-1

[Event "Russian Championship G17 1st league 2016"]
[Site "Loo"]
[Date "2016.04.26"]
[Round "7.5"]
[White "Polzunova, Anastasiya"]
[Black "Shkalikova, Marina"]
[Result "0-1"]
[WhiteElo "1645"]
[BlackElo "1823"]
[PlyCount "50"]
[EventDate "2016.04.20"]

1. e3 d6 2. d4 Nf6 3. Nf3 g6 4. c4 Bg7 5. Nc3 O-O 6. Be2 c5 7. O-O cxd4 8. exd4
d5 9. c5 Nc6 10. a3 Ne4 11. Qb3 Bxd4 12. Nxd5 Be6 13. Bc4 Nxc5 14. Qa2 b5 15.
Bh6 bxc4 16. Bxf8 Bxd5 17. Nxd4 Nxd4 18. Bh6 c3 19. Qb1 c2 20. Qe1 Ncb3 21. Qb4
Rb8 22. Qa4 Ne2+ 23. Kh1 Nxa1 24. Rxa1 Rxb2 25. Rc1 Nxc1 0-1

[Event "Russian Championship G17 1st league 2016"]
[Site "Loo"]
[Date "2016.04.26"]
[Round "7.6"]
[White "Kopovaya, Aleksandra"]
[Black "Zakarian, Diana"]
[Result "1-0"]
[WhiteElo "1919"]
[BlackElo "1625"]
[PlyCount "75"]
[EventDate "2016.04.20"]

1. e4 c5 2. Nf3 d6 3. d4 cxd4 4. Nxd4 Nf6 5. Nc3 a6 6. Be3 b5 7. a3 Bb7 8. Bd3
e6 9. O-O Be7 10. f4 Qc7 11. Qf3 Nbd7 12. Rae1 Nb6 13. Kh1 Nc4 14. Bc1 Rc8 15.
Qg3 Rg8 16. e5 Nh5 17. Qg4 g6 18. exd6 Nxd6 19. Re2 Ng7 20. Rfe1 Kf8 21. Qh3 h5
22. Nf3 Bxf3 23. Qxf3 Ngf5 24. Qf2 Kg7 25. Ne4 Nxe4 26. Rxe4 Bc5 27. Qf3 Rgd8
28. Bd2 Bd4 29. b3 Bf6 30. a4 bxa4 31. Rxa4 Ra8 32. Ba5 Nd4 33. Bxc7 Nxf3 34.
gxf3 Rdc8 35. Be5 a5 36. Bxf6+ Kxf6 37. Re5 Ke7 38. Rexa5 1-0

[Event "Russian Championship G17 1st league 2016"]
[Site "Loo"]
[Date "2016.04.26"]
[Round "7.7"]
[White "Tsepilova, Serafima"]
[Black "Samchenko, Serafima"]
[Result "1/2-1/2"]
[WhiteElo "1766"]
[BlackElo "1706"]
[PlyCount "109"]
[EventDate "2016.04.20"]

1. e3 e5 2. d4 e4 3. c4 f5 4. Nc3 Nf6 5. Nge2 g6 6. b3 Nc6 7. Bb2 Bg7 8. d5 Ne5
9. Nf4 d6 10. Nb5 a6 11. Nd4 Qe7 12. Nde6 Nfg4 13. Nxg7+ Qxg7 14. Qd2 g5 15.
Nh3 h6 16. Be2 Qf7 17. f4 exf3 18. gxf3 Qh5 19. f4 Qxh3 20. Bxg4 Qxg4 21. fxe5
dxe5 22. Bxe5 Qe4 23. Bxh8 Qxh1+ 24. Ke2 Qxh2+ 25. Kd3 Qxd2+ 26. Kxd2 Kf7 27.
Be5 c6 28. d6 c5 29. Ke2 Bd7 30. Kf2 Re8 31. Bg3 h5 32. Rd1 h4 33. Bh2 g4 34.
Bf4 Bc6 35. Bg5 h3 36. d7 h2 37. dxe8=Q+ Kxe8 38. Bf4 h1=Q 39. Rxh1 Bxh1 40.
Bd6 Be4 41. Bxc5 Bb1 42. a3 Ba2 43. b4 Bxc4 44. a4 Kf7 45. Kg3 Kg6 46. a5 Bd3
47. Bb6 Kf6 48. Kf4 Ke6 49. Bd4 Kd5 50. Bc5 Kc4 51. Kg3 Be4 52. Kf2 Kd3 53. Bb6
Bf3 54. Bc5 Ke4 55. Kg3 1/2-1/2

[Event "Russian Championship G17 1st league 2016"]
[Site "Loo"]
[Date "2016.04.26"]
[Round "7.8"]
[White "Danilova, Rada"]
[Black "Guskova, Alina"]
[Result "1/2-1/2"]
[WhiteElo "1808"]
[BlackElo "1831"]
[PlyCount "95"]
[EventDate "2016.04.20"]

1. d4 Nf6 2. c4 e6 3. Nf3 d5 4. g3 c6 5. Qc2 Be7 6. Bg2 Nbd7 7. Nbd2 Qc7 8. O-O
O-O 9. e4 dxe4 10. Nxe4 Nxe4 11. Qxe4 Nf6 12. Qe2 b6 13. Bf4 Bd6 14. Ne5 Bb7
15. c5 bxc5 16. dxc5 Bxc5 17. Ng6 Qb6 18. Nxf8 Ba6 19. Qc2 Bxf1 20. Nxh7 Nxh7
21. Rxf1 Nf6 22. Rc1 Bd4 23. Qxc6 Bxf2+ 24. Kf1 Rd8 25. Qxb6 Bxb6 26. Ke2 Ng4
27. h3 e5 28. hxg4 exf4 29. gxf4 Rd4 30. Rf1 Ba5 31. Rf2 Ra4 32. Bd5 Bc7 33. g5
Rd4 34. Bb3 Rxf4 35. Rxf4 Bxf4 36. g6 Be5 37. Bxf7+ Kf8 38. b3 Ke7 39. Kd3 Kd6
40. Kc4 Kc6 41. Bd5+ Kb6 42. Be4 a5 43. a3 Bb2 44. a4 Bf6 45. b4 Bb2 46. Bd5
Ba3 47. bxa5+ Kxa5 48. Bc6 1/2-1/2

[Event "Russian Championship G17 1st league 2016"]
[Site "Loo"]
[Date "2016.04.26"]
[Round "7.9"]
[White "Logunova, Elizaveta"]
[Black "Kolmychek, Evelina"]
[Result "0-1"]
[WhiteElo "1731"]
[BlackElo "2029"]
[PlyCount "64"]
[EventDate "2016.04.20"]

1. d4 d5 2. c4 e6 3. Nf3 Nf6 4. Bg5 Be7 5. e3 Nbd7 6. Nc3 O-O 7. cxd5 Nxd5 8.
Bxe7 Qxe7 9. Be2 Nxc3 10. bxc3 c5 11. O-O b6 12. a4 Bb7 13. a5 Rfd8 14. Qb3 Bd5
15. Qa4 cxd4 16. cxd4 e5 17. Rac1 exd4 18. Nxd4 Nc5 19. Qb5 Qf6 20. axb6 axb6
21. Rb1 Be4 22. Rb4 Rab8 23. f3 Ba8 24. Rc1 h6 25. Rb2 Qe5 26. Rc3 Rxd4 27.
Rxc5 Qxe3+ 28. Kf1 Rbd8 29. Rb1 bxc5 30. Re1 Rd2 31. Qc4 Bd5 32. Qh4 Re8 0-1

[Event "Russian Championship G17 1st league 2016"]
[Site "Loo"]
[Date "2016.04.26"]
[Round "7.11"]
[White "Petrova, Marija"]
[Black "Zhekotova, Darya"]
[Result "1-0"]
[WhiteElo "1697"]
[BlackElo "1543"]
[PlyCount "137"]
[EventDate "2016.04.20"]

1. e4 c5 2. Nf3 e6 3. d4 cxd4 4. Nxd4 a6 5. Bd3 Nf6 6. Bg5 Qa5+ 7. Bd2 Qb6 8.
Nb3 Bb4 9. O-O Bxd2 10. N1xd2 Nc6 11. c3 O-O 12. Nf3 Qc7 13. Re1 Ne5 14. Bc2 b5
15. Nbd4 Bb7 16. Nxe5 Qxe5 17. f3 Rac8 18. Qd3 g6 19. a4 bxa4 20. Bxa4 d5 21.
exd5 Qxd5 22. Qe2 Rfd8 23. Qe5 Qxe5 24. Rxe5 Nd7 25. Bxd7 Rxd7 26. Nb3 Rd5 27.
Rxd5 Bxd5 28. Nd2 Rb8 29. b4 Rc8 30. Ra3 Kf8 31. Kf2 Ke7 32. Ke3 Kd7 33. Kd4
Bb7 34. Nc4 Kc7 35. Ne5 Rd8+ 36. Ke3 f6 37. Nd3 Kb6 38. c4 Rc8 39. Nc5 e5 40.
Rd3 Rxc5 41. bxc5+ Kxc5 42. Rd7 Bc6 43. Rc7 Kb6 44. Rxh7 a5 45. Kd3 Kc5 46. Kc3
e4 47. fxe4 Bxe4 48. g3 a4 49. Ra7 Bc6 50. Ra5+ Kb6 51. Kb4 f5 52. h4 Bd7 53.
Rd5 Kc7 54. Rxd7+ Kxd7 55. Kxa4 Kd6 56. Kb5 Ke5 57. c5 Ke4 58. c6 Kf3 59. c7
Kxg3 60. h5 gxh5 61. c8=Q h4 62. Qxf5 h3 63. Qf1 Kh2 64. Kc4 Kg3 65. Kd4 Kh2
66. Ke3 Kg3 67. Qg1+ Kh4 68. Kf4 h2 69. Qg4# 1-0

[Event "Russian Championship G17 1st league 2016"]
[Site "Loo"]
[Date "2016.04.26"]
[Round "7.12"]
[White "Averina, Vera"]
[Black "Kirakosyan, Kamilla"]
[Result "1/2-1/2"]
[WhiteElo "1697"]
[BlackElo "1769"]
[PlyCount "80"]
[EventDate "2016.04.20"]

1. d4 Nf6 2. Bg5 g6 3. Bxf6 exf6 4. e3 Bg7 5. Bc4 f5 6. Qf3 O-O 7. Ne2 c6 8.
Qg3 d5 9. Bd3 Nd7 10. Nf4 Nf6 11. h4 Bh6 12. Nc3 Ne4 13. Nxe4 fxe4 14. Be2 Qd6
15. O-O-O a5 16. h5 g5 17. c4 Rd8 18. c5 Qc7 19. Nh3 Qxg3 20. fxg3 f5 21. Rdf1
Rf8 22. Rhg1 Be6 23. Kd2 Rf7 24. a3 a4 25. Bd1 Ra5 26. Kc3 Rf8 27. Be2 Ra7 28.
Kb4 g4 29. Nf4 Bxf4 30. Rxf4 Kg7 31. Rh1 h6 32. Rhf1 Rfa8 33. R4f2 Rd8 34. Rxf5
Bxf5 35. Rxf5 Rf8 36. Rxf8 Kxf8 37. Bxg4 Ke7 38. Bf5 Kf6 39. g4 Kg5 40. g3 Ra8
1/2-1/2

[Event "Russian Championship G17 1st league 2016"]
[Site "Loo"]
[Date "2016.04.26"]
[Round "7.14"]
[White "Shovunova, Maryana"]
[Black "Bagaeva, Maria"]
[Result "1/2-1/2"]
[WhiteElo "1571"]
[BlackElo "1490"]
[PlyCount "104"]
[EventDate "2016.04.20"]

1. e4 d5 2. exd5 Qxd5 3. Nc3 Qd6 4. d4 Nf6 5. h3 a6 6. Nf3 Bf5 7. Bd3 Bxd3 8.
Qxd3 e6 9. Bg5 Be7 10. O-O Nc6 11. a3 O-O 12. Bxf6 Bxf6 13. Ne4 Qe7 14. Nxf6+
Qxf6 15. c3 Rad8 16. Qe4 Rfe8 17. Rfe1 h6 18. Ne5 Nxe5 19. Qxe5 Qxe5 20. Rxe5
Rd5 21. Rae1 Kf8 22. f4 c6 23. Kf2 Rxe5 24. Rxe5 f6 25. Re3 Kf7 26. Kf3 g6 27.
g4 Re7 28. h4 Re8 29. Re2 Rg8 30. a4 Re8 31. a5 Rd8 32. b4 Re8 33. Re3 Re7 34.
Re2 Re8 35. Re3 Re7 36. Rd3 Rd7 37. c4 Ke7 38. Ke4 Rd8 39. d5 cxd5+ 40. cxd5
exd5+ 41. Rxd5 Rxd5 42. Kxd5 Kd7 43. Kc5 Kc7 44. g5 fxg5 45. fxg5 hxg5 46. hxg5
b5 47. axb6+ Kb7 48. Kd6 Kxb6 49. Ke6 Kb5 50. Kf6 Kxb4 51. Kxg6 a5 52. Kh6 a4
1/2-1/2

[Event "Russian Championship G17 1st league 2016"]
[Site "Loo"]
[Date "2016.04.26"]
[Round "7.15"]
[White "Dunaevskaya, Alisa"]
[Black "Ivanets, Anastasiya"]
[Result "1-0"]
[WhiteElo "1558"]
[BlackElo "1472"]
[PlyCount "55"]
[EventDate "2016.04.20"]

1. d4 d5 2. Nf3 e6 3. c4 c6 4. g3 Bd6 5. Bg2 f5 6. O-O Nf6 7. Bd2 O-O 8. Qc1
Ne4 9. Bf4 Bxf4 10. Qxf4 g5 11. Qc1 Nd7 12. Nc3 g4 13. Ne5 Qf6 14. cxd5 exd5
15. Nxe4 dxe4 16. Qc4+ Kh8 17. f3 exf3 18. exf3 Nxe5 19. dxe5 Qxe5 20. Rae1
Qxb2 21. fxg4 Qg7 22. Qc5 Kg8 23. gxf5 Qb2 24. Rf2 Qb6 25. Qc4+ Kh8 26. Re7
Rxf5 27. Qc3+ Kg8 28. Qg7# 1-0

[Event "Russian Championship G17 1st league 2016"]
[Site "Loo"]
[Date "2016.04.26"]
[Round "7.16"]
[White "Bezverhaya, Marina"]
[Black "Alekseeva, Nariya"]
[Result "1/2-1/2"]
[WhiteElo "1604"]
[BlackElo "1690"]
[PlyCount "115"]
[EventDate "2016.04.20"]

1. e4 e5 2. Nf3 Nc6 3. d4 exd4 4. Nxd4 Bc5 5. Nxc6 Qf6 6. Qf3 Qxf3 7. gxf3 bxc6
8. Be3 Bb6 9. a3 Nf6 10. Nc3 d5 11. O-O-O Be6 12. e5 Nd7 13. f4 f6 14. Ba6 Rb8
15. Rhe1 Kf7 16. Ne2 Bxe3+ 17. fxe3 fxe5 18. fxe5 Nxe5 19. Nd4 Rhf8 20. e4 Rbe8
21. Nxc6 Nxc6 22. exd5 Bd7 23. dxc6 Bxc6 24. Bc4+ Kg6 25. Rg1+ Kh6 26. Bd5 Bb5
27. c4 Ba4 28. b3 Bxb3 29. Rd3 g6 30. Rxb3 Rf2 31. Rb2 Rxb2 32. Kxb2 Re2+ 33.
Kc3 Rxh2 34. Rh1 Rxh1 35. Bxh1 Kg5 36. Kd4 Kf6 37. Kc5 Ke7 38. Kc6 Kd8 39. Kb7
a5 40. Ka6 a4 41. Ka5 h5 42. Be4 g5 43. Bg6 h4 44. Bf5 Ke7 45. Kxa4 Kd6 46. Kb5
Ke5 47. Bc8 Kf4 48. a4 g4 49. a5 h3 50. a6 c6+ 51. Kb6 h2 52. a7 h1=Q 53. a8=Q
Qb1+ 54. Ka6 Qa2+ 55. Kb7 Qxc4 56. Bxg4 Qb5+ 57. Kc7 Qe5+ 58. Kb6 1/2-1/2